[Event "29. Friedensfest-Open (AFRO-A)"]
[Site "Augsburg"]
[Date "2024.08.10"]
[Round "5.21"]
[White "Bodriyenko, Markiyan"]
[Black "Koppen, Harald"]
[Result "1-0"]
[WhiteElo "1889"]
[BlackElo "1995"]
[EventDate "2024.08.08"]
[Time "09:30:00"]
[WhiteNrv "1889"]
[BlackNrv "1995"]
[WhiteTwz "1889"]
[BlackTwz "1995"]
[WhiteFideId "34606696"]
[BlackFideId "12946982"]
[WhiteNatFedId "10682789"]
[BlackNatFedId "10271200"]
[WhiteAttr "M"]
[BlackAttr "M"]
[WhiteTeam "SF 59 Kornwestheim"]
[BlackTeam "TUS Holzkirchen"]
[PlyCount "0"]

1.e4 e5 2.Nc3 Nf6 3.Bc4 Nxe4 4.Qh5 Nd6 5.Bb3 Be7 6.Nf3 Nc6 7.Nxe5 g6 8.
Nxc6 dxc6 9.Qf3 O-O 10.O-O Nf5 11.d3 Nd4 12.Qf4 Bf6 13.Re1 Bg7 14.Ne4 Be6 
15.Qd2 a5 16.Bxe6 Nxe6 17.c3 c5 18.Qc2 b6 19.f4 f5 20.Qb3 fxe4 21.Qxe6+ 
Kh8 22.dxe4 Qd3 23.Qg4 a4 24.a3 Rad8 25.Qe2 c4 26.e5 g5 27.Qg4 gxf4 28.
Bxf4 Qc2 29.e6 Rde8 30.e7 Rg8 31.Re2 Bd4+ 32.cxd4 Rxg4 33.Be5+ Kg8 34.Rxc2
Rxe7 35.Rf1 b5 36.Rcf2 Re8 37.h3 Re4 38.Rf7 c5 39.Rg7+ Kh8 40.Re7+ Kg8 41.
Rxe8# 1-0

[Event "29. Friedensfest-Open (AFRO-A)"]
[Site "Augsburg"]
[Date "2024.08.10"]
[Round "5.22"]
[White "Li, Yunqi"]
[Black "Nissen, Christoph"]
[Result "1/2-1/2"]
[WhiteElo "1975"]
[BlackElo "1882"]
[EventDate "2024.08.08"]
[Time "09:30:00"]
[WhiteNrv "1975"]
[BlackNrv "1882"]
[WhiteTwz "1975"]
[BlackTwz "1882"]
[WhiteFideId "34610618"]
[BlackFideId "34614320"]
[WhiteNatFedId "10754717"]
[BlackNatFedId "10154652"]
[WhiteAttr "M"]
[BlackAttr "M"]
[WhiteTeam "SF 59 Kornwestheim"]
[BlackTeam "SK Caissa Augsburg"]
[PlyCount "0"]

1.d4 d5 2.c4 dxc4 3.e3 e6 4.Bxc4 Nf6 5.Nf3 c5 6.O-O a6 7.Qe2 b5 8.Bb3 Bb7 
9.Rd1 Qb6 10.Nc3 Nbd7 11.Bd2 Be7 12.Rac1 O-O 13.Be1 Rfd8 14.Kh1 Rac8 15.
Ne5 Nxe5 16.dxe5 Ne4 17.Nxe4 Bxe4 18.f3 Bb7 19.Bc2 Rxd1 20.Rxd1 Rd8 21.Bf2
Rxd1+ 22.Qxd1 Qd8 23.Qxd8+ Bxd8 24.e4 Be7 25.b3 f6 26.exf6 gxf6 27.Kg1 Kf7
28.Kf1 e5 29.Bd3 Ke6 30.Ke2 Kd6 31.Kd2 Bd8 32.Kc2 Ba5 33.Bh4 Ke6 34.Bf2 
Kd6 1/2-1/2

[Event "29. Friedensfest-Open (AFRO-A)"]
[Site "Augsburg"]
[Date "2024.08.10"]
[Round "5.23"]
[White "Struck, Christian"]
[Black "Stempfle, Tobias"]
[Result "1-0"]
[WhiteElo "1965"]
[BlackElo "1796"]
[EventDate "2024.08.08"]
[Time "09:30:00"]
[WhiteNrv "1965"]
[BlackNrv "1796"]
[WhiteTwz "1965"]
[BlackTwz "1796"]
[WhiteFideId "16269497"]
[BlackFideId "24698482"]
[WhiteNatFedId "10218366"]
[BlackNatFedId "10215172"]
[WhiteAttr "M"]
[BlackAttr "M"]
[WhiteTeam "SF Augsburg"]
[BlackTeam "SC Garching 1980 e.V."]
[PlyCount "0"]

1.e4 c6 2.Nf3 d5 3.d3 Bg4 4.h3 Bh5 5.Qe2 e6 6.g3 Nd7 7.Bg2 Bc5 8.O-O Ne7 
9.Nbd2 O-O 10.Re1 Re8 11.Rb1 Rc8 12.c3 Nf8 13.Nb3 Bb6 14.Be3 c5 15.Qf1 
Bxf3 16.Bxf3 d4 17.Bd2 Qd7 18.c4 a6 19.Be2 Ba7 20.Nc1 Nc6 21.f4 b5 22.Kh2 
bxc4 23.dxc4 Bb8 24.Nd3 Qe7 25.Rec1 Bc7 26.Qe1 Rb8 27.Qd1 Ba5 28.Bxa5 Nxa5
29.Qa4 Qc7 30.Bf3 Qb6 31.Nxc5 Qxc5 32.b4 Qc7 33.Qxa5 Qxa5 34.bxa5 Rxb1 35.
Rxb1 Rc8 36.Rb6 Rxc4 37.Rxa6 Rc2+ 38.Kg1 Rxa2 39.Ra8 d3 40.a6 d2 41.a7 g6 
42.e5 Kg7 43.Kf1 Nd7 44.Ke2 h6 45.h4 Kh7 46.h5 g5 47.Be4+ Kg7 48.fxg5 Nb6 
49.gxh6+ Kxh6 50.Rh8+ Kg7 51.a8=Q Nxa8 52.Rxa8 Rb2 53.g4 Rb5 54.g5 f5 55.
exf6+ Kf7 56.Bg6# 1-0

[Event "29. Friedensfest-Open (AFRO-A)"]
[Site "Augsburg"]
[Date "2024.08.10"]
[Round "5.24"]
[White "Watzenberger, Stefan"]
[Black "Tarasenko, Oleksii"]
[Result "1-0"]
[WhiteElo "2051"]
[BlackElo "1902"]
[EventDate "2024.08.08"]
[Time "09:30:00"]
[WhiteNrv "2051"]
[BlackNrv "1902"]
[WhiteTwz "2051"]
[BlackTwz "1902"]
[WhiteFideId "12941875"]
[BlackFideId "34662316"]
[WhiteNatFedId "10235251"]
[BlackNatFedId "10873809"]
[WhiteAttr "M"]
[BlackAttr "M"]
[WhiteTeam "SC Sendling e.V."]
[BlackTeam "SK Ingolstadt"]
[PlyCount "0"]

1.e4 c6 2.d4 d5 3.Nc3 dxe4 4.Nxe4 Nf6 5.Nxf6+ exf6 6.c3 Bd6 7.Bd3 Na6 8.
Qc2 h5 9.Ne2 Nc7 10.O-O Nd5 11.a3 b5 12.b3 Qc7 13.f4 g6 14.c4 bxc4 15.bxc4
1-0

[Event "29. Friedensfest-Open (AFRO-A)"]
[Site "Augsburg"]
[Date "2024.08.10"]
[Round "5.25"]
[White "Mittermaier, Johann"]
[Black "Seisenberger, Georg"]
[Result "1/2-1/2"]
[WhiteElo "1898"]
[BlackElo "2031"]
[EventDate "2024.08.08"]
[Time "09:30:00"]
[WhiteNrv "1898"]
[BlackNrv "2031"]
[WhiteTwz "1898"]
[BlackTwz "2031"]
[WhiteFideId "16208382"]
[BlackFideId "12903574"]
[WhiteNatFedId "10144722"]
[BlackNatFedId "10206064"]
[WhiteAttr "M"]
[BlackAttr "M"]
[WhiteTeam "SV Deggendorf"]
[BlackTeam "SV Ilmmuenster"]
[PlyCount "0"]

1.e4 c5 2.c3 Nf6 3.e5 Nd5 4.d4 cxd4 5.Nf3 e6 6.Qxd4 Nc6 7.Qg4 d6 8.exd6 
Qxd6 9.Nbd2 Nf6 10.Qg3 Bd7 11.Qxd6 Bxd6 12.Nc4 Bc7 13.Bd3 O-O 14.O-O e5 
15.Nfd2 Rad8 16.Ne4 Nxe4 17.Bxe4 Be6 18.b3 f5 19.Bc2 h6 20.Ba3 Rfe8 21.
Rad1 e4 22.Nd6 Bxd6 23.Rxd6 Ne5 24.Rfd1 Rxd6 25.Rxd6 Nf7 26.Rd1 Ne5 27.g3 
Bd7 28.Bc5 Bc6 29.Be3 Kh7 30.b4 a6 31.Bb3 Nd3 32.Bc4 Ne5 33.Bd5 Ba4 34.Bb3
Bxb3 35.axb3 Nd3 36.Ra1 g5 37.Kf1 f4 38.Bd4 Kg6 39.Ke2 h5 40.f3 fxg3 41.
hxg3 Ne5 42.fxe4 Ng4 43.Kf3 Nh2+ 44.Kg2 Ng4 45.Kf3 Nh2+ 46.Kg2 Ng4 47.Kf3 
Nh2+ 1/2-1/2

[Event "29. Friedensfest-Open (AFRO-A)"]
[Site "Augsburg"]
[Date "2024.08.10"]
[Round "5.26"]
[White "Retzlaff, Kian"]
[Black "Vuong, Anh-Tu"]
[Result "0-1"]
[WhiteElo "1890"]
[BlackElo "2010"]
[EventDate "2024.08.08"]
[Time "09:30:00"]
[WhiteNrv "1890"]
[BlackNrv "2010"]
[WhiteTwz "1890"]
[BlackTwz "2010"]
[WhiteFideId "34606700"]
[BlackFideId "34658920"]
[WhiteNatFedId "10742727"]
[BlackNatFedId "10232351"]
[WhiteAttr "M"]
[BlackAttr "M"]
[WhiteTeam "SF 59 Kornwestheim"]
[BlackTeam "TSV Landsberg 1882"]
[PlyCount "0"]

1.e4 c5 2.Nf3 d6 3.d4 cxd4 4.Nxd4 Nf6 5.Nc3 g6 6.Be3 Bg7 7.f3 O-O 8.Qd2 
Nc6 9.O-O-O d5 10.exd5 Nxd5 11.Nxc6 bxc6 12.Bd4 e5 13.Bc5 Re8 14.Ne4 Qc7 
15.h4 h6 16.Nd6 Rd8 17.Nxc8 Raxc8 18.Qf2 Rb8 19.Bc4 a5 20.a4 Rb7 21.Rd3 e4
22.Rb3 Rxb3 23.Bxb3 Qf4+ 24.Kb1 e3 25.Qe2 Qe5 26.c4 Nc3+ 27.bxc3 Qxc3 28.
Qa2 Rd2 29.Qa3 Rb2+ 30.Ka1 Rxb3+ 0-1

[Event "29. Friedensfest-Open (AFRO-A)"]
[Site "Augsburg"]
[Date "2024.08.10"]
[Round "5.27"]
[White "Luhn, Robert"]
[Black "Komarov, Jan"]
[Result "1-0"]
[WhiteElo "1996"]
[BlackElo "1888"]
[EventDate "2024.08.08"]
[Time "09:30:00"]
[WhiteNrv "1996"]
[BlackNrv "1888"]
[WhiteTwz "1996"]
[BlackTwz "1888"]
[WhiteFideId "4683498"]
[BlackFideId "12959430"]
[WhiteNatFedId "10133213"]
[BlackNatFedId "10407248"]
[WhiteAttr "M"]
[BlackAttr "M"]
[WhiteTeam "SK Caissa Augsburg"]
[BlackTeam "SK Muenchen Suedost e.V."]
[PlyCount "0"]

1.d4 Nf6 2.Nf3 d5 3.c4 dxc4 4.Nc3 a6 5.a4 e6 6.e4 Bb4 7.e5 Nd5 8.Bd2 b6 9.
Bxc4 Bb7 10.O-O Be7 11.Ne4 h6 12.Bd3 a5 13.Re1 Nc6 14.Rc1 O-O 15.Ng3 Ndb4 
16.Be4 Rb8 17.Be3 Na7 18.Qd2 Bxe4 19.Nxe4 f5 20.exf6 Bxf6 21.Nxf6+ Rxf6 
22.Bf4 Nac6 23.Bg3 Rg6 24.Re4 Rc8 25.Rce1 Qd5 26.Qe2 Rf8 27.Rxe6 Rxe6 28.
Qxe6+ Qxe6 29.Rxe6 Rf7 30.d5 Re7 31.Rxc6 Nxc6 32.dxc6 Re6 33.Ne5 g5 34.f4 
gxf4 35.Bxf4 h5 36.Kf2 Rf6 37.Ke3 Kh7 38.Ke4 h4 39.g4 hxg3 40.hxg3 Rd6 41.
Be3 Rd1 42.Nd3 Ra1 43.b3 Rb1 44.Nc1 Kg6 45.Kd3 Rb2 46.Bd2 Kf5 47.Kc3 Rxd2 
48.Kxd2 Ke5 49.g4 Kd5 50.g5 Ke5 51.Kd3 Kf5 52.Kc4 Kxg5 53.Kb5 Kf6 54.Ka6 
Ke6 55.Kb7 1-0

[Event "29. Friedensfest-Open (AFRO-A)"]
[Site "Augsburg"]
[Date "2024.08.10"]
[Round "5.28"]
[White "Weil, Volker"]
[Black "Nitsch, Markus"]
[Result "1/2-1/2"]
[WhiteElo "1977"]
[BlackElo "1877"]
[EventDate "2024.08.08"]
[Time "09:30:00"]
[WhiteNrv "1977"]
[BlackNrv "1877"]
[WhiteTwz "1977"]
[BlackTwz "1877"]
[WhiteFideId "4612949"]
[BlackFideId "34681124"]
[WhiteNatFedId "10237275"]
[BlackNatFedId "10849719"]
[WhiteAttr "*"]
[BlackAttr "M"]
[WhiteTeam "SV Lahn Limburg"]
[BlackTeam "SK Caissa Augsburg"]
[PlyCount "0"]

1.d4 Nf6 2.Nf3 g6 3.Bg5 Bg7 4.Nbd2 d5 5.c3 O-O 6.e3 Nbd7 7.Be2 c5 8.O-O h6
9.Bh4 g5 10.Bg3 Ne4 11.Nxe4 dxe4 12.Nd2 cxd4 13.cxd4 f5 14.f4 exf3 15.Bc4+
Kh8 16.Nxf3 g4 17.Nh4 Rf6 18.Nxf5 Nb6 19.Bd3 Bxf5 20.Rxf5 Nd5 21.Bf2 Re6 
22.Qxg4 Nxe3 23.Rf8+ Bxf8 24.Qxe6 Nd5 25.Bc4 Nf6 26.Re1 Rc8 27.b3 a6 28.a4
Rc6 29.Qf7 Qe8 30.Qxe8 Nxe8 31.d5 Rc7 32.Bg3 Rd7 33.Re6 Bg7 34.h3 Bf6 35.
Be5 Kg7 36.Kf2 Nc7 37.Bxf6+ exf6 38.Rb6 Ne8 39.Kf3 Nd6 40.Kf4 Kf7 41.Be2 
Nc8 42.Rb4 Nd6 43.Bh5+ Kf8 44.Rd4 Re7 45.Bf3 Re5 46.Rd3 Rf5+ 47.Ke3 Ke7 
48.Rc3 Kd8 49.Rc1 Re5+ 50.Kf4 Rf5+ 51.Ke3 1/2-1/2

[Event "29. Friedensfest-Open (AFRO-A)"]
[Site "Augsburg"]
[Date "2024.08.10"]
[Round "5.29"]
[White "Boehm, Bruno"]
[Black "Yin, Stanley"]
[Result "0-1"]
[WhiteElo "1866"]
[BlackElo "1975"]
[EventDate "2024.08.08"]
[Time "09:30:00"]
[WhiteNrv "1866"]
[BlackNrv "1975"]
[WhiteTwz "1866"]
[BlackTwz "1975"]
[WhiteFideId "4699238"]
[BlackFideId "24622729"]
[WhiteNatFedId "10019158"]
[BlackNatFedId "10248263"]
[WhiteAttr "M"]
[BlackAttr "M"]
[WhiteTeam "SK Freising"]
[BlackTeam "SC Thallichtenberg"]
[PlyCount "0"]

1.d4 b5 2.Nf3 Bb7 3.g3 Nf6 4.Bg2 e6 5.O-O Be7 6.Nc3 a6 7.Rb1 c5 8.dxc5 
Bxc5 9.b4 Be7 10.Bf4 Qc8 11.Qd3 Nc6 12.Bd6 Bxd6 13.Qxd6 Ne7 14.Qd2 d5 15.
Ne5 Qc7 16.Nd3 Nd7 17.Rfc1 Rc8 18.Rb3 O-O 19.e3 Nf5 20.Ne2 Nd6 21.c3 Nc4 
22.Qe1 e5 23.Nb2 e4 24.Nd4 Nxb2 25.Rxb2 Ne5 26.Bf1 Qb6 27.Be2 Rc7 28.Qf1 
Bc8 29.Kh1 Qh6 30.Qg2 Bh3 31.Qg1 Rfc8 32.a4 bxa4 33.b5 Nd3 34.Bxd3 exd3 
35.bxa6 Qxa6 36.Rb5 Rxc3 37.Rxc3 Rxc3 38.Qe1 Qc8 39.Rxd5 d2 0-1

[Event "29. Friedensfest-Open (AFRO-A)"]
[Site "Augsburg"]
[Date "2024.08.10"]
[Round "5.30"]
[White "Kuehn, Marvin"]
[Black "Glaab, Nikolai"]
[Result "0-1"]
[WhiteElo "1862"]
[BlackElo "1959"]
[EventDate "2024.08.08"]
[Time "09:30:00"]
[WhiteNrv "1862"]
[BlackNrv "1959"]
[WhiteTwz "1862"]
[BlackTwz "1959"]
[WhiteFideId "16281667"]
[BlackFideId "34614311"]
[WhiteNatFedId "10709624"]
[BlackNatFedId "10743024"]
[WhiteAttr "M"]
[BlackAttr "M"]
[WhiteTeam "SK Graefelfing"]
[BlackTeam "SK Koenigsbrunn"]
[PlyCount "0"]

1.e4 e6 2.d4 d5 3.Nd2 c5 4.Ngf3 cxd4 5.exd5 Qxd5 6.Bc4 Qd6 7.O-O Nf6 8.Nb3
Nc6 9.Nbxd4 Nxd4 10.Qxd4 Qxd4 11.Nxd4 Bc5 12.Nb5 O-O 13.Bf4 Bd7 14.Nc3 
Rac8 15.Bb5 Bxb5 16.Nxb5 Rfd8 17.Rad1 a6 18.Bd6 Bb6 19.Nc3 Ba5 20.Be7 Rxd1
21.Rxd1 Bxc3 22.bxc3 Nd5 23.Bb4 h6 24.g3 b6 25.Rd2 a5 26.Bd6 Nxc3 27.a3 
Ne4 28.Rd4 Nxd6 29.Rxd6 Rxc2 30.Rxb6 Rc3 31.Rb7 Rxa3 32.h4 h5 33.Kg2 g6 
34.Ra7 Kg7 35.Rb7 Kf6 36.Ra7 a4 37.Rb7 Rb3 38.Ra7 a3 39.Ra5 Ke7 40.Ra7+ 
Kd6 41.Rxf7 Kc5 42.Rc7+ Kd4 43.Rc6 a2 44.Ra6 Rb2 45.Kf3 Kd3 46.Rd6+ Kc2 
47.Rc6+ Kb1 48.Rxe6 a1=Q 49.Re1+ Ka2 50.Rxa1+ Kxa1 51.Kf4 Rb5 52.f3 Kb2 
53.g4 Kc3 54.gxh5 Rxh5 0-1

[Event "29. Friedensfest-Open (AFRO-A)"]
[Site "Augsburg"]
[Date "2024.08.10"]
[Round "5.31"]
[White "Dauer, Maximilian"]
[Black "Glasschroeder, Maximilian"]
[Result "1-0"]
[WhiteElo "1948"]
[BlackElo "1854"]
[EventDate "2024.08.08"]
[Time "09:30:00"]
[WhiteNrv "1948"]
[BlackNrv "1854"]
[WhiteTwz "1948"]
[BlackTwz "1854"]
[WhiteFideId "1270802"]
[BlackFideId "34652590"]
[WhiteNatFedId "10033526"]
[BlackNatFedId "10775164"]
[WhiteAttr "M"]
[BlackAttr "M"]
[WhiteTeam "Spgem Koetz/Ichenhausen"]
[BlackTeam "SK Weilheim e.V."]
[PlyCount "0"]

1.d4 Nf6 2.Bf4 g6 3.e3 Bg7 4.Nf3 O-O 5.Be2 d6 6.h3 Nc6 7.O-O Ne4 8.Bh2 e5 
9.c3 f5 10.Nbd2 Nxd2 11.Qxd2 e4 12.Ne1 Bd7 13.c4 Qf6 14.f3 exf3 15.Bxf3 
Bh6 16.Nc2 Rae8 17.Rae1 b6 18.b4 Nd8 19.b5 Bc8 20.Nb4 Bb7 21.Bxb7 Nxb7 22.
Nd5 Qf7 23.Qc2 Qg7 24.Qd3 Na5 25.Rf3 Re6 26.Ref1 Rfe8 27.Kh1 Qd7 28.g4 c6 
29.gxf5 gxf5 30.bxc6 Qxc6 31.Qxf5 Kh8 32.Nf6 Rxf6 33.Qxf6+ Bg7 34.Qxd6 Qe4
35.Qd5 Qg6 36.Rg1 Qd3 37.Rxg7 1-0

[Event "29. Friedensfest-Open (AFRO-A)"]
[Site "Augsburg"]
[Date "2024.08.10"]
[Round "5.32"]
[White "Retzlaff, Nick"]
[Black "Kuhn, Hubert"]
[Result "1/2-1/2"]
[WhiteElo "1823"]
[BlackElo "1946"]
[EventDate "2024.08.08"]
[Time "09:30:00"]
[WhiteNrv "1823"]
[BlackNrv "1946"]
[WhiteTwz "1823"]
[BlackTwz "1946"]
[WhiteFideId "34610367"]
[BlackFideId "16216385"]
[WhiteNatFedId "10742725"]
[BlackNatFedId "10120594"]
[WhiteAttr "M"]
[BlackAttr "M"]
[WhiteTeam "SF 59 Kornwestheim"]
[BlackTeam "MSA Zugzwang 82 e.V."]
[PlyCount "0"]

1.e4 c5 2.Nf3 Nc6 3.d4 cxd4 4.Nxd4 e5 5.Nb5 d6 6.N1c3 a6 7.Na3 Be7 8.Be3 
b5 9.Nd5 Rb8 10.Be2 Nf6 11.Nxe7 Qxe7 12.f3 O-O 13.O-O Rd8 14.c4 bxc4 15.
Bxc4 Be6 16.Bxe6 Qxe6 17.Qa4 1/2-1/2

[Event "29. Friedensfest-Open (AFRO-A)"]
[Site "Augsburg"]
[Date "2024.08.10"]
[Round "5.33"]
[White "Hoeller, Armin"]
[Black "Schrimpf, Michael"]
[Result "1/2-1/2"]
[WhiteElo "1942"]
[BlackElo "1780"]
[EventDate "2024.08.08"]
[Time "09:30:00"]
[WhiteNrv "1942"]
[BlackNrv "1780"]
[WhiteTwz "1942"]
[BlackTwz "1780"]
[WhiteFideId "24651923"]
[BlackFideId "1676237"]
[WhiteNatFedId "10085787"]
[WhiteAttr "*"]
[BlackAttr "M"]
[WhiteTeam "SK Weilheim e.V."]
[BlackTeam "SF Augsburg"]
[PlyCount "0"]

1.c4 e5 2.Nc3 Nf6 3.g3 c6 4.Bg2 d5 5.cxd5 cxd5 6.Qb3 Be6 7.Qxb7 Nbd7 8.
Nxd5 Nxd5 9.Bxd5 Rb8 10.Qc6 Rc8 11.Qb7 Rb8 12.Qc6 Rc8 13.Qb7 Rb8 1/2-1/2

[Event "29. Friedensfest-Open (AFRO-A)"]
[Site "Augsburg"]
[Date "2024.08.10"]
[Round "5.34"]
[White "Vranckx, Oscar"]
[Black "Schaefer, Ann-Kathrin"]
[Result "1-0"]
[WhiteElo "1937"]
[BlackElo "1779"]
[EventDate "2024.08.08"]
[Time "09:30:00"]
[WhiteNrv "1937"]
[BlackNrv "1779"]
[WhiteTwz "1937"]
[BlackTwz "1779"]
[WhiteFideId "34608788"]
[BlackFideId "24615412"]
[WhiteNatFedId "10733103"]
[BlackNatFedId "10186026"]
[WhiteAttr "M"]
[BlackAttr "W"]
[WhiteTeam "Sfr.Mainz 1928"]
[BlackTeam "SC JAeKLECHEMIE Talente Franken e"]
[PlyCount "0"]

1.e4 c5 2.Nf3 d6 3.d4 cxd4 4.Nxd4 Nf6 5.Nc3 g6 6.Be3 Bg7 7.f3 O-O 8.Qd2 
Nc6 9.O-O-O d5 10.exd5 Nxd5 11.Nxc6 bxc6 12.Bd4 e5 13.Bc5 Re8 14.Nxd5 cxd5
15.Qxd5 Qg5+ 16.Kb1 Be6 17.Qd2 Qf6 18.Bb5 Rec8 19.Be3 Bf5 20.Ba4 Rc4 21.
Bg5 Qb6 22.Bb3 Rcc8 23.Qd6 Qb7 24.g4 Rc6 25.Qe7 Bxc2+ 26.Bxc2 Rc7 27.Rd8+ 
Rxd8 28.Qxd8+ Bf8 29.Be4 Qb6 30.Bh6 Rc1+ 31.Rxc1 Qxd8 32.Be3 Qb8 33.Rc3 a5
34.a3 Qd8 35.Rd3 Qh4 36.Bb6 Qe1+ 37.Ka2 a4 38.Rd7 Qc1 39.Bd5 Qc8 40.Rxf7 
Kh8 41.Ra7 Qb8 42.Bc5 Qb5 43.Bxf8 Qxd5+ 44.Ka1 Qxf3 45.Bh6 Qd1+ 46.Ka2 
Qd5+ 47.Ka1 e4 48.Re7 Qc6 49.Rf7 Qd6 50.Rf8+ Qxf8 51.Bxf8 h5 52.Kb1 hxg4 
53.Kc2 Kg8 54.Bc5 Kf7 55.Kc3 Ke6 56.Kd4 Kf5 57.Bd6 Ke6 58.Bf4 1-0

[Event "29. Friedensfest-Open (AFRO-A)"]
[Site "Augsburg"]
[Date "2024.08.10"]
[Round "5.35"]
[White "Nagy, Peter"]
[Black "Wietschorke, Jens"]
[Result "1/2-1/2"]
[WhiteElo "1814"]
[BlackElo "1915"]
[EventDate "2024.08.08"]
[Time "09:30:00"]
[WhiteNrv "1814"]
[BlackNrv "1915"]
[WhiteTwz "1814"]
[BlackTwz "1915"]
[WhiteFideId "34629211"]
[BlackFideId "16296176"]
[WhiteNatFedId "10793259"]
[BlackNatFedId "10242290"]
[WhiteAttr "M"]
[BlackAttr "M"]
[WhiteTeam "Rosenheimer-SV in der"]
[BlackTeam "SK Caissa Augsburg"]
[PlyCount "0"]

1.c4 e5 2.a3 Nf6 3.d3 d5 4.cxd5 Nxd5 5.Nf3 Nc6 6.e3 Bd6 7.b4 Bg4 8.Nbd2 
O-O 9.Bb2 a6 10.Be2 Re8 11.O-O Na7 12.Qc2 Rc8 13.Nb3 Qe7 14.h3 Bh5 15.Rac1
f5 16.Nc5 c6 17.d4 Bxf3 18.Bxf3 e4 19.Be2 Bb8 20.Bc4 Qd6 21.f4 exf3 22.
Rxf3 Kh8 23.Qd2 Qh2+ 24.Kf2 f4 25.e4 Ne3 26.Bf1 Nb5 27.Qd3 Nd6 28.e5 Ndf5 
29.Ne4 Nh4 30.Rxe3 fxe3+ 31.Kxe3 Nxg2+ 32.Bxg2 Qxg2 33.Qe2 Qxh3+ 34.Qf3 
Qh6+ 35.Qf4 Qh3+ 36.Qf3 Qh2 37.Rh1 Qxb2 38.Rxh7+ Kxh7 39.Qh5+ Kg8 40.Nf6+ 
Kf8 41.Nh7+ Ke7 42.Qg5+ Kd7 43.Qxg7+ Kd8 44.Qf6+ Kc7 45.Qd6+ 1/2-1/2

[Event "29. Friedensfest-Open (AFRO-A)"]
[Site "Augsburg"]
[Date "2024.08.10"]
[Round "5.36"]
[White "Kelemen, Alexander"]
[Black "Nezosi, Constantin"]
[Result "1-0"]
[WhiteElo "1914"]
[BlackElo "1738"]
[EventDate "2024.08.08"]
[Time "09:30:00"]
[WhiteNrv "1914"]
[BlackNrv "1738"]
[WhiteTwz "1914"]
[BlackTwz "1738"]
[WhiteFideId "12906700"]
[BlackFideId "36066974"]
[WhiteNatFedId "10254955"]
[WhiteAttr "M"]
[BlackAttr "M"]
[WhiteTeam "SC Weisse Dame Ulm e.V."]
[BlackTeam "Vandeuvre Échecs"]
[PlyCount "0"]

1.d4 d5 2.c4 e5 3.dxe5 d4 4.Nf3 Nc6 5.Nbd2 Nge7 6.Nb3 Ng6 7.Nbxd4 Nxd4 8.
Qxd4 Bb4+ 9.Bd2 Qxd4 10.Nxd4 Bxd2+ 11.Kxd2 Nxe5 12.Nb5 O-O 13.Nxc7 Rb8 14.
e4 Be6 15.Nd5 Bxd5 16.cxd5 f5 17.f4 Ng6 18.e5 Nxf4 19.d6 Rfe8 20.Bc4+ Kf8 
21.Rhf1 g5 22.g3 Ne6 23.Rxf5+ Kg7 24.Bxe6 Rxe6 25.Rxg5+ Kh6 26.h4 Rbe8 27.
Rf1 a5 28.Kd3 a4 29.Kd4 a3 30.bxa3 b5 31.Rf6+ 1-0

[Event "29. Friedensfest-Open (AFRO-A)"]
[Site "Augsburg"]
[Date "2024.08.10"]
[Round "5.37"]
[White "Sensoy, Emir"]
[Black "Fuertler, Oliver"]
[Result "1/2-1/2"]
[WhiteElo "1776"]
[BlackElo "1909"]
[EventDate "2024.08.08"]
[Time "09:30:00"]
[WhiteNrv "1776"]
[BlackNrv "1909"]
[WhiteTwz "1776"]
[BlackTwz "1909"]
[WhiteFideId "34607390"]
[BlackFideId "1682490"]
[WhiteNatFedId "10730374"]
[WhiteAttr "M"]
[BlackAttr "M"]
[WhiteTeam "MSA Zugzwang 82 e.V."]
[BlackTeam "?"]
[PlyCount "0"]

1.e4 e5 2.Nf3 Nc6 3.Bc4 Bc5 4.c3 Nf6 5.d3 a6 6.Bb3 Ba7 7.h3 d6 8.Nbd2 O-O 
9.Nf1 Ne7 10.Ng3 Ng6 11.O-O h6 12.Re1 Be6 13.Bc2 Qd7 14.d4 c6 15.Be3 Qc7 
16.Qd2 Kh7 17.Nf5 exd4 18.cxd4 Bxf5 19.exf5 Ne7 20.g4 Rh8 21.Bf4 Ned5 22.
Bg3 Bb6 23.a3 Qd7 24.Nh4 Rae8 25.Re6 Bc7 26.Rae1 Qd8 27.R6e2 Rxe2 28.Rxe2 
Re8 29.Ng2 Nb6 30.Ne3 Ne4 31.Qd3 Nxg3 32.fxg3 Kg8 33.Kf2 d5 34.Ng2 Nc4 35.
Bb1 Nd6 36.Nf4 Ne4+ 37.Kg2 Bb6 38.Qd1 Ba7 39.Bxe4 Rxe4 40.Rxe4 dxe4 41.d5 
cxd5 42.Nxd5 Qd6 43.Nc3 Qb6 44.Nxe4 Qxb2+ 45.Qd2 Qxd2+ 46.Nxd2 Bc5 47.a4 
Kf8 48.Kf3 Ke7 49.Ne4 Ba7 50.Ke2 Kd7 51.Kd3 Kc6 52.Kc4 Bb8 53.g5 hxg5 54.
Nxg5 Bxg3 55.Nxf7 b5+ 56.axb5+ axb5+ 57.Kb4 Be1+ 58.Kb3 Kd5 59.Ng5 Bh4 60.
Ne6 Bf6 61.Nc7+ Ke5 62.Nxb5 Kxf5 63.Kc4 Kf4 64.Nd6 Be5 65.Nf7 Ba1 66.Kd5 
Kg3 67.Ke4 Kxh3 68.Kf5 Kh4 69.Kg6 Kg4 70.Nh6+ 1/2-1/2

[Event "29. Friedensfest-Open (AFRO-A)"]
[Site "Augsburg"]
[Date "2024.08.10"]
[Round "5.38"]
[White "Rempel, Alexander"]
[Black "Hollmann, Thomas"]
[Result "0-1"]
[WhiteElo "1715"]
[BlackElo "1903"]
[EventDate "2024.08.08"]
[Time "09:30:00"]
[WhiteNrv "1715"]
[BlackNrv "1903"]
[WhiteTwz "1715"]
[BlackTwz "1903"]
[WhiteFideId "34618600"]
[BlackFideId "12934097"]
[WhiteNatFedId "10586418"]
[BlackNatFedId "10257099"]
[WhiteAttr "M"]
[BlackAttr "M"]
[WhiteTeam "SF Augsburg"]
[BlackTeam "SG Buechenbach/Roth e.V."]
[PlyCount "0"]

1.e4 c5 2.Nf3 e6 3.d4 cxd4 4.Nxd4 Nf6 5.Nc3 Nc6 6.Ndb5 Bc5 7.Nd6+ Ke7 8.
Bf4 e5 9.Nf5+ Kf8 10.Be3 Bb4 11.Qd3 d5 12.O-O-O Bxf5 13.exf5 d4 14.Qb5 Qb6
15.Qc4 Bxc3 16.Bf4 Qxb2# 0-1

[Event "29. Friedensfest-Open (AFRO-A)"]
[Site "Augsburg"]
[Date "2024.08.10"]
[Round "5.39"]
[White "Herb, Stefan"]
[Black "Holuba, Stefan"]
[Result "1/2-1/2"]
[WhiteElo "2085"]
[BlackElo "1692"]
[EventDate "2024.08.08"]
[Time "09:30:00"]
[WhiteNrv "2085"]
[BlackNrv "1692"]
[WhiteTwz "2085"]
[BlackTwz "1692"]
[WhiteFideId "4627903"]
[BlackFideId "34667520"]
[WhiteNatFedId "10080993"]
[BlackNatFedId "10088445"]
[WhiteAttr "M"]
[BlackAttr "M"]
[WhiteTeam "SAbt TSV Haunstetten"]
[BlackTeam "SK Caissa Augsburg"]
[PlyCount "0"]

1.Nf3 c5 2.e4 d6 3.Bb5+ Nd7 4.c3 a6 5.Ba4 b5 6.Bc2 e6 7.O-O Bb7 8.d4 Be7 
9.a4 Ngf6 10.Qe2 b4 11.Bg5 Qc7 12.Bd3 O-O 13.Nbd2 Rfe8 14.Rfe1 Nf8 15.Nf1 
Ng6 16.Ng3 h6 17.Bd2 a5 18.h4 Rac8 19.h5 Nf8 20.c4 N6d7 21.b3 Bf6 22.Be3 
cxd4 23.Nxd4 Nc5 24.Bc2 Rcd8 25.Rad1 Qe7 26.Qg4 Kh8 27.Bc1 Bc8 28.Nc6 Qc7 
29.Nxd8 Rxd8 30.Qe2 Be5 31.Nf1 Qe7 32.f4 Bf6 33.Be3 Bc3 34.Nd2 Bb7 35.Qg4 
Nh7 36.f5 Nf6 37.Qh4 exf5 38.exf5 Qd7 39.Re2 Re8 40.Rde1 Rxe3 41.Rxe3 Bxd2
42.Re7 Qc6 43.R1e2 Bg5 44.Qd4 Ncd7 45.Rxf7 Ne5 46.Rf8+ Kh7 47.Rd8 Nf3+ 48.
gxf3 Qxf3 49.Rde8 Qh1+ 50.Kf2 Qg2+ 51.Ke1 Qh1+ 52.Kf2 1/2-1/2

[Event "29. Friedensfest-Open (AFRO-A)"]
[Site "Augsburg"]
[Date "2024.08.10"]
[Round "5.40"]
[White "Medvedev, Michael"]
[Black "Hahn, Christoph"]
[Result "1/2-1/2"]
[WhiteElo "1759"]
[BlackElo "2135"]
[EventDate "2024.08.08"]
[Time "09:30:00"]
[WhiteNrv "1759"]
[BlackNrv "2135"]
[WhiteTwz "1759"]
[BlackTwz "2135"]
[WhiteFideId "34650792"]
[BlackFideId "24609854"]
[WhiteNatFedId "10691830"]
[BlackNatFedId "10072242"]
[WhiteAttr "M"]
[BlackAttr "M"]
[WhiteTeam "SK Rochade Augsburg"]
[BlackTeam "SK Kriegshaber"]
[PlyCount "0"]

1.d4 b6 2.Nf3 Bb7 3.c4 e6 4.Nc3 Nf6 5.e3 Bb4 6.Be2 O-O 7.O-O d5 8.Bd2 Be7 
9.cxd5 exd5 10.Ne1 c5 11.Nc2 Nbd7 12.Re1 Re8 13.Bf3 Ne4 14.Nxe4 dxe4 15.
Be2 Rc8 16.Rc1 Bd6 17.Bc3 Qe7 18.a4 Red8 19.a5 Nf6 20.axb6 axb6 21.Bb5 Ra8
22.Qe2 Bd5 23.Ra1 Be6 24.h3 Bc7 25.dxc5 bxc5 26.Red1 Rxa1 27.Rxa1 Qd6 28.
g3 Bxh3 29.Bxf6 Qxf6 30.Ne1 h6 31.Ra7 Bb6 32.Rb7 Bc8 33.Rb8 Ba5 34.Ng2 g5 
35.Bc4 Kg7 36.Ra8 Bb4 37.Ra7 Be6 38.Bxe6 Qxe6 39.Ra6 Rd6 40.Rxd6 Qxd6 41.
Qg4 Qg6 42.Qe2 Qf5 43.Ne1 Qd5 44.Nc2 Qd3 45.Kf1 Qxe2+ 46.Kxe2 h5 47.f3 f5 
48.f4 g4 49.Nxb4 cxb4 50.b3 1/2-1/2